Sanat - "Muukalainen" - Frans Harju - Statistics

Yleistilastot
  • Tätä visaa on pelattu 22 kertaa
  • Keskiarvotulos 128 / 158
Vastaustilastot
Vastaus % Oikein
kun
100%
muu
100%
vaikka
100%
aikuinen
88%
ei
88%
ja
88%
joka
88%
Jokainen
88%
jokainen
88%
jollekkin
88%
kaikkein
88%
kantaa
88%
koti
88%
kuin
88%
kuka
88%
laukussa
88%
muukalainen
88%
muurahainen
88%
nainen
88%
nuori
88%
on
88%
rakkain
88%
tässä
88%
tuo
88%
unelmia
88%
vaan
88%
vaunussa
88%
ansaitsee
75%
hakkaamaan
75%
jää
75%
jonkun
75%
Junassa
75%
kauppakassit
75%
kotimatkalla
75%
kukkakimpun
75%
laskuihin
75%
massit
75%
mennä
75%
miettii
75%
minne
75%
mukanaan
75%
oisimpa
75%
Oisimpa
75%
outolintu
75%
rakkautta
75%
riittäis
75%
saa
75%
silmäpussit
75%
suremaan
75%
sydämen
75%
täynnä
75%
tiedä
75%
tyttö
75%
varmaan
75%
voi
75%
ihan
63%
kotiin
63%
mihin
63%
missä
63%
sua
63%
tuijottaa
63%
Ulos
63%
viivytellä
63%
taakkansa
50%
menoo
25%
Ehtoja vastaavia visoja ei löytynyt
Tulosjakauma
Jokaisen tuloksen saaneiden osuus
Persentiili vastausten määrän mukaan
Tuloshistoriasi
Et ole pelannut tätä visaa